000 00463nab a2200145Ia 4500
003 ES-SlBCS
005 20210601125223.0
008 140529s1968 xxu||||| |||| 00| 0 eng d
041 _aeng
100 1 _aHodges, Donald Clark
_9155534
245 0 0 _aMoral Progress From Philosophy to Technology
_c Donald Clark Hodges
650 0 4 _aProgreso Moral
_9151805
773 0 _tPhilosophy and Phenomenological Research
_gvol. 28, 1968, págs. 430-436
_wRev1411
942 _cAR
999 _c526717
_d526717